Normal view
MARC view
- James A. Robinson
Entry Corporate Name
001 - CONTROL NUMBER
- control field: 124489
003 - CONTROL NUMBER IDENTIFIER
- control field: NUST
005 - DATE AND TIME OF LATEST TRANSACTION
- control field: 20240712113635.0
008 - FIXED-LENGTH DATA ELEMENTS
- fixed length control field: 240712|| aca||aabn | a|a d
040 ## - CATALOGING SOURCE
- Original cataloging agency: NUST
- Transcribing agency: NUST
110 ## - HEADING--CORPORATE NAME
- Corporate name or jurisdiction name as entry element: James A. Robinson
670 ## - SOURCE DATA FOUND
- Source citation: Work cat.: (NUST): Daron Acemoglu 104339, Why Nation Fails, 2012.
